[Event "FRA-chT2 0910"]
[Site "France"]
[Date "2009.10.17"]
[Round "2.6"]
[White "Debray, Francois"]
[Black "Schott, Raimund"]
[Result "1-0"]
[WhiteElo "2157"]
[BlackElo "2015"]
[PlyCount "121"]
[EventDate "2009.09.27"]
[EventType "team"]
[EventRounds "11"]
[EventCountry "FRA"]
[Source "ChessBase"]
[SourceDate "2010.03.11"]

1. e4 c5 2. Nf3 Nc6 3. d4 cxd4 4. Nxd4 Nf6 5. Nc3 d6 6. Bc4 e6 7. Be3 Be7 8.
Qe2 O-O 9. O-O-O a6 10. Bb3 Qe8 11. Rhg1 Nd7 12. g4 Nc5 13. f4 b5 14. Qg2 Bb7
15. Nf5 Nxb3+ 16. axb3 b4 17. Nxe7+ Nxe7 18. Na4 Qc6 19. Rd4 a5 20. Rc4 Qb5 21.
Rc7 Rfe8 22. Nb6 Rab8 23. f5 Bc6 24. Nc4 Nc8 25. fxe6 Rxe6 26. Qf2 Rf6 27. Qg2
Re6 28. Qf1 Rf6 29. Qd3 Re6 30. Nxa5 Qxd3 31. cxd3 Bb5 32. Nc4 Ne7 33. Kd2 d5
34. Bc5 dxc4 35. bxc4 Bxc4 36. Bxe7 Bb5 37. Rgc1 f6 38. Bxb4 Rd8 39. Rc8 Ree8
40. Rxd8 Rxd8 41. Rc3 Kf7 42. Ke3 Rb8 43. Rc7+ Kg6 44. Bc3 Ba4 45. h4 h5 46. g5
Rb6 47. gxf6 gxf6 48. Kf4 Rc6 49. Ra7 Bb5 50. d4 Bd3 51. d5 Ra6 52. Rxa6 Bxa6
53. e5 fxe5+ 54. Kxe5 Kf7 55. Kd6 Bb7 56. b4 Ke8 57. Bf6 Kf7 58. Bg5 Ke8 59. b5
Kf7 60. b6 Ke8 61. Kc7 1-0

[Event "FRA-chT2 0910"]
[Site "France"]
[Date "2009.10.17"]
[Round "2.6"]
[White "Deschamps, Remi"]
[Black "Berthelot, Nathan"]
[Result "0-1"]
[WhiteElo "2107"]
[BlackElo "1870"]
[PlyCount "80"]
[EventDate "2009.09.27"]
[EventType "team"]
[EventRounds "11"]
[EventCountry "FRA"]
[Source "ChessBase"]
[SourceDate "2010.03.11"]

1. e4 d6 2. g3 g6 3. Bg2 Bg7 4. Ne2 c5 5. O-O Nc6 6. Nbc3 Nf6 7. d4 cxd4 8.
Nxd4 O-O 9. Nxc6 bxc6 10. Bg5 Qb6 11. Qc1 Ba6 12. Be3 Qc7 13. Rd1 Ng4 14. Bd4
Bh6 15. f4 e5 16. Bf2 Nxf2 17. Kxf2 exf4 18. Kg1 Qb6+ 19. Kh1 Qf2 20. Rg1 Kg7
21. Nd1 fxg3 22. Nxf2 Bxc1 23. Nd3 Bxd3 24. Raxc1 Be2 25. Rge1 Bg4 26. e5 d5
27. c4 Rad8 28. cxd5 cxd5 29. Rc7 d4 30. e6 Rd6 31. e7 Re8 32. Rc6 Rd7 33. Rc4
Rdxe7 34. Rxe7 Rxe7 35. hxg3 Re1+ 36. Kh2 Re2 37. Kg1 d3 38. Rd4 Bf5 39. Bf1
Rxb2 40. g4 Be6 0-1

[Event "FRA-chT2 0910"]
[Site "France"]
[Date "2009.10.17"]
[Round "2.6"]
[White "Diaz, Mickael"]
[Black "Galloux, Maxime"]
[Result "1-0"]
[WhiteElo "2223"]
[BlackElo "2019"]
[PlyCount "97"]
[EventDate "2009.09.27"]
[EventType "team"]
[EventRounds "11"]
[EventCountry "FRA"]
[Source "ChessBase"]
[SourceDate "2010.03.11"]

1. c4 g6 2. Nc3 Bg7 3. g3 Nf6 4. Bg2 O-O 5. Nf3 d6 6. d4 Nbd7 7. O-O e5 8. dxe5
dxe5 9. h3 c6 10. Bg5 Qc7 11. Qc1 Re8 12. Rd1 Nc5 13. b4 Nce4 14. Be3 Nxc3 15.
Qxc3 Ne4 16. Qc1 Be6 17. Rb1 Rad8 18. Rxd8 Rxd8 19. a4 Nd6 20. Bxa7 Bxc4 21. a5
Qe7 22. Bb6 Rd7 23. Qc2 Bd5 24. Rd1 Nb5 25. Bc5 Qd8 26. Bb6 Qe8 27. Rc1 e4 28.
Nd2 f5 29. Nc4 Qe6 30. e3 Bc3 31. Nd2 Bxb4 32. Bf1 Nc7 33. Nc4 Bf8 34. Bd4 Nb5
35. Ba1 Na3 36. Nxa3 Bxa3 37. Rb1 Bf8 38. a6 bxa6 39. Rb8 Qd6 40. Qb2 Kf7 41.
Ra8 g5 42. Qh8 Qh6 43. Be2 g4 44. hxg4 Rb7 45. Rxf8+ Ke7 46. Re8+ Kd6 47. Qe5+
Kc5 48. Bb2 Rb3 49. Qe7+ 1-0

[Event "FRA-chT2 0910"]
[Site "France"]
[Date "2009.10.17"]
[Round "2.6"]
[White "Glod, Philippe"]
[Black "Beyrand, Christian"]
[Result "1-0"]
[WhiteElo "2191"]
[BlackElo "1620"]
[PlyCount "58"]
[EventDate "2009.09.27"]
[EventType "team"]
[EventRounds "11"]
[EventCountry "FRA"]
[Source "ChessBase"]
[SourceDate "2010.03.11"]

1. e4 e5 2. Nc3 Nf6 3. f4 d6 4. Nf3 Nc6 5. Bb5 Bd7 6. d3 Be7 7. O-O O-O 8. Kh1
Bg4 9. Bxc6 bxc6 10. fxe5 dxe5 11. h3 Be6 12. Nxe5 Qd6 13. Bf4 Qc5 14. Bh2 Bd6
15. Nf3 Bxh2 16. Nxh2 Rab8 17. Rb1 Nh5 18. Rf3 Qg5 19. Qe1 Rb6 20. b3 Ra6 21.
a4 Rb6 22. Ne2 c5 23. Ng3 Nf6 24. Nf5 Re8 25. Rg3 Qf4 26. Nxg7 Kf8 27. Nxe8
Nxe8 28. Rf3 Qe5 29. Qf2 Nd6 1-0

[Event "FRA-chT2 0910"]
[Site "France"]
[Date "2009.10.17"]
[Round "2.6"]
[White "Hartmann, Dominique"]
[Black "Graeber, Fabien"]
[Result "1/2-1/2"]
[WhiteElo "1985"]
[BlackElo "2127"]
[PlyCount "76"]
[EventDate "2009.09.27"]
[EventType "team"]
[EventRounds "11"]
[EventCountry "FRA"]
[Source "ChessBase"]
[SourceDate "2010.03.11"]

1. Nf3 d5 2. c4 c6 3. g3 Nf6 4. Bg2 Bg4 5. Ne5 Be6 6. b3 dxc4 7. Nxc4 Bxc4 8.
bxc4 Qd4 9. Nc3 Qxc4 10. Rb1 Nfd7 11. Bb2 e5 12. O-O Be7 13. f4 O-O 14. fxe5
Nxe5 15. Rf4 Qa6 16. Ba1 b6 17. Qc2 Nbd7 18. Rbf1 Rac8 19. Qf5 Rc7 20. Ra4 Qc8
21. Ne4 g6 22. Qf4 f5 23. Ng5 Bxg5 24. Qxg5 Qd8 25. Qf4 Re8 26. Rd4 Qe7 27. Kh1
Nc5 28. Rb4 Nf7 29. Rbb1 Qd6 30. Qc4 Ne6 31. e4 f4 32. Qc3 g5 33. Bh3 Kf8 34.
Rbc1 Qc5 35. Qf6 Qe7 36. Qc3 Qc5 37. Qf6 Qe7 38. Qc3 Qc5 1/2-1/2

[Event "FRA-chT2 0910"]
[Site "France"]
[Date "2009.10.17"]
[Round "2.6"]
[White "Marchadour, Emilie"]
[Black "Miraoui, Karim"]
[Result "1/2-1/2"]
[WhiteElo "2063"]
[BlackElo "2101"]
[PlyCount "92"]
[EventDate "2009.09.27"]
[EventType "team"]
[EventRounds "11"]
[EventCountry "FRA"]
[Source "ChessBase"]
[SourceDate "2010.03.11"]

1. e4 c5 2. Nf3 d6 3. d4 cxd4 4. Nxd4 Nf6 5. Nc3 a6 6. f3 e5 7. Nb3 Be6 8. Nd5
Bxd5 9. exd5 Nbd7 10. Be3 g6 11. Be2 Bg7 12. O-O O-O 13. c4 Rc8 14. Nd2 b5 15.
b3 bxc4 16. Nxc4 Ne8 17. Rc1 f5 18. Qd2 Ndf6 19. Bb6 Qd7 20. Na5 Rb8 21. Rc6
Kh8 22. Rfc1 Qf7 23. Rd1 e4 24. Nc4 Nd7 25. Bc7 Rb7 26. Bxd6 Rg8 27. Rxa6 exf3
28. Bxf3 Qf6 29. Rc6 Qd8 30. Qa5 Qg5 31. Qa6 Nxd6 32. Nxd6 Ne5 33. Qxb7 Nxf3+
34. Kf2 Ne5 35. Nf7+ Nxf7 36. Qxf7 Qf4+ 37. Ke2 Qe4+ 38. Kf1 Qf4+ 39. Ke1 Qe3+
40. Kf1 Qf4+ 41. Kg1 Bd4+ 42. Rxd4 Qxd4+ 43. Kf1 Qd1+ 44. Kf2 Qd2+ 45. Kf3 Qd3+
46. Kf4 Qd4+ 1/2-1/2

[Event "FRA-chT2 0910"]
[Site "France"]
[Date "2009.10.17"]
[Round "2.6"]
[White "Marciniak, Alexandre"]
[Black "Belheine, Larbi"]
[Result "1-0"]
[WhiteElo "2129"]
[BlackElo "2050"]
[PlyCount "77"]
[EventDate "2009.09.27"]
[EventType "team"]
[EventRounds "11"]
[EventCountry "FRA"]
[Source "ChessBase"]
[SourceDate "2010.03.11"]

1. e4 c5 2. Nf3 e6 3. d4 cxd4 4. Nxd4 Nc6 5. Nc3 Qc7 6. Be3 a6 7. Qd2 Nf6 8.
O-O-O Bb4 9. f3 b5 10. Kb1 O-O 11. Nxc6 dxc6 12. Nxb5 axb5 13. Qxb4 Ra4 14. Qd6
Qa5 15. a3 Qa8 16. g4 Nd7 17. c3 Re8 18. e5 Ra6 19. Bc5 Ra4 20. Bd3 Nxc5 21.
Qxc5 Bb7 22. Be4 Rc4 23. Qb6 Rxe4 24. fxe4 c5 25. Rhe1 Bxe4+ 26. Ka1 c4 27.
Qxb5 Bd5 28. Rd2 Rb8 29. Qc5 Rc8 30. Qe7 Re8 31. Qc5 Rc8 32. Qe3 Rc7 33. h4 Rb7
34. Rxd5 exd5 35. e6 f6 36. e7 Qe8 37. Qe6+ Kh8 38. Qxd5 Rd7 39. Qxd7 1-0

[Event "FRA-chT2 0910"]
[Site "France"]
[Date "2009.10.17"]
[Round "2.6"]
[White "Mkrtchyan, Armen"]
[Black "Bastin, Stephane"]
[Result "1/2-1/2"]
[WhiteElo "1742"]
[BlackElo "2001"]
[PlyCount "91"]
[EventDate "2009.09.27"]
[EventType "team"]
[EventRounds "11"]
[EventCountry "FRA"]
[Source "ChessBase"]
[SourceDate "2010.03.11"]

1. e4 e6 2. d4 d5 3. e5 c5 4. c3 Nc6 5. Nf3 Qb6 6. a3 c4 7. Nbd2 Bd7 8. b4 cxb3
9. Qxb3 Qxb3 10. Nxb3 b6 11. Bb2 Nh6 12. Bd3 Be7 13. Kd2 O-O 14. c4 dxc4 15.
Bxc4 Rfd8 16. Rhd1 Bc8 17. Ke1 Bb7 18. Rac1 Rac8 19. d5 exd5 20. Bxd5 Kf8 21.
Be4 Rxd1+ 22. Rxd1 Rd8 23. Nbd4 Nxd4 24. Bxb7 Nc2+ 25. Ke2 Rxd1 26. Kxd1 Nxa3
27. Ba6 Ke8 28. Kd2 Bb4+ 29. Kd3 Nf5 30. Nd2 Ne7 31. Ne4 Nd5 32. Bb7 Nf4+ 33.
Kd4 Ne6+ 34. Kd3 Kd7 35. g3 b5 36. Bd5 a5 37. f4 g6 38. Nf6+ Ke7 39. Ne4 h5 40.
Bc3 Bxc3 41. Kxc3 b4+ 42. Kb3 Nd4+ 43. Ka4 Nb1 44. Kxa5 Nc3 45. Kxb4 Nxd5+ 46.
Kc5 1/2-1/2

[Event "FRA-chT2 0910"]
[Site "France"]
[Date "2009.10.17"]
[Round "2.6"]
[White "Peyre, Thomas"]
[Black "Charrais, Kevin"]
[Result "1-0"]
[WhiteElo "2020"]
[BlackElo "1861"]
[PlyCount "81"]
[EventDate "2009.09.27"]
[EventType "team"]
[EventRounds "11"]
[EventCountry "FRA"]
[Source "ChessBase"]
[SourceDate "2010.03.11"]

1. e4 e5 2. Nf3 Nc6 3. Bb5 Bc5 4. O-O d6 5. d3 Nf6 6. Be3 Bb6 7. Nbd2 O-O 8. c3
Bg4 9. Re1 Ne7 10. d4 Ng6 11. Qc2 c6 12. Bd3 Qc7 13. h3 Bxf3 14. Nxf3 h6 15. b4
Rac8 16. c4 exd4 17. Nxd4 c5 18. bxc5 dxc5 19. Nf5 Qe5 20. f4 Nxf4 21. Bxf4
Qxf4 22. e5 Nd5 23. cxd5 c4+ 24. Kh1 cxd3 25. Qxd3 Ba5 26. Ne7+ Kh8 27. Rf1
Qxe5 28. Nxc8 Rxc8 29. Qf5 Qc3 30. Rad1 Rd8 31. Rc1 Qd4 32. Rc8 Rxc8 33. Qxc8+
Kh7 34. Qf5+ Kh8 35. Qxf7 Bb6 36. Qf8+ Kh7 37. d6 Bc5 38. Qf5+ Kh8 39. d7 Bb4
40. Rc1 Be7 41. Rc8+ 1-0

[Event "FRA-chT2 0910"]
[Site "France"]
[Date "2009.10.17"]
[Round "2.6"]
[White "Restout, Bruce"]
[Black "Le Montagner, Yoann"]
[Result "0-1"]
[WhiteElo "2054"]
[BlackElo "2017"]
[PlyCount "132"]
[EventDate "2009.09.27"]
[EventType "team"]
[EventRounds "11"]
[EventCountry "FRA"]
[Source "ChessBase"]
[SourceDate "2010.03.11"]

1. d4 d5 2. c4 Nc6 3. Nf3 Bg4 4. Nc3 e6 5. Bf4 Nf6 6. e3 Bb4 7. Rc1 O-O 8. h3
Bh5 9. Be2 dxc4 10. Bxc4 Na5 11. Be2 c5 12. a3 Bxc3+ 13. Rxc3 cxd4 14. Rd3 Nc6
15. Nxd4 Bxe2 16. Qxe2 Nxd4 17. Rxd4 Qa5+ 18. Qd2 Qf5 19. Qd3 Qxd3 20. Rxd3
Rac8 21. O-O Nd5 22. Bg3 Rc2 23. Rb3 b6 24. Rd1 Rfc8 25. e4 Nf6 26. f3 h6 27.
Be5 Re2 28. Rc3 Rxc3 29. Bxc3 Nh5 30. Rd8+ Kh7 31. Rd2 Nf4 32. Kf1 Rxd2 33.
Bxd2 g5 34. h4 Kg6 35. hxg5 hxg5 36. g3 Nd3 37. Bc3 g4 38. fxg4 Nc5 39. e5 Kg5
40. Kf2 Kxg4 41. Ke3 Kxg3 42. b4 Nd7 43. a4 Kg4 44. Ke4 Kg5 45. Bd4 Kg6 46. Kf4
Kg7 47. Kg5 Kf8 48. Bc3 Ke8 49. Bd4 Nb8 50. b5 Nd7 51. Kf4 Ke7 52. Bc3 f6 53.
Bb4+ Kf7 54. exf6 Kxf6 55. Ke4 Kf7 56. a5 Nf6+ 57. Ke5 Nd5 58. axb6 axb6 59.
Bd6 Ne3 60. Ke4 Nc4 61. Bc7 Ke7 62. Kd4 Kd7 63. Bf4 Nd6 64. Ke5 Nxb5 65. Be3
Nd6 66. Bd4 Nc4+ 0-1

[Event "FRA-chT2 0910"]
[Site "France"]
[Date "2009.10.17"]
[Round "2.7"]
[White "Afraoui, Solenn"]
[Black "Barbaras, Mathieu"]
[Result "0-1"]
[WhiteElo "1815"]
[BlackElo "1901"]
[PlyCount "82"]
[EventDate "2009.09.27"]
[EventType "team"]
[EventRounds "11"]
[EventCountry "FRA"]
[Source "ChessBase"]
[SourceDate "2010.03.11"]

1. Nf3 Nf6 2. d4 e6 3. g3 b6 4. Bg2 Bb7 5. O-O Be7 6. c4 O-O 7. Nc3 Ne4 8. Qc2
Nxc3 9. Qxc3 f5 10. Rd1 Bf6 11. Qd2 Be4 12. b3 c5 13. Bb2 d5 14. dxc5 bxc5 15.
cxd5 exd5 16. Rac1 Nd7 17. Ba3 Rc8 18. Ne1 d4 19. Rc4 Qb6 20. Rdc1 Be7 21. Nd3
Rfe8 22. Bb2 Qb7 23. Bf1 g6 24. b4 Bxd3 25. exd3 Ne5 26. Bg2 Nxc4 27. Rxc4 Qd7
28. a4 Bf8 29. h3 Re5 30. Bf3 Rce8 31. b5 Qe6 32. Qa5 f4 33. Bg4 Re1+ 34. Kg2
Qd5+ 35. Bf3 Qe5 36. Be4 Rxe4 37. dxe4 Qxe4+ 38. Kg1 fxg3 39. fxg3 Qe3+ 40. Kh1
Qe1+ 41. Qxe1 Rxe1+ 0-1

[Event "FRA-chT2 0910"]
[Site "France"]
[Date "2009.10.17"]
[Round "2.7"]
[White "Bleuzen, Erwan"]
[Black "Auvray, Juliette"]
[Result "1-0"]
[WhiteElo "2035"]
[BlackElo "1961"]
[PlyCount "59"]
[EventDate "2009.09.27"]
[EventType "team"]
[EventRounds "11"]
[EventCountry "FRA"]
[Source "ChessBase"]
[SourceDate "2010.03.11"]

1. d4 Nf6 2. c4 e6 3. g3 Bb4+ 4. Bd2 c5 5. Bxb4 cxb4 6. Bg2 O-O 7. Nd2 d6 8.
Ngf3 Nc6 9. O-O Bd7 10. Rc1 Rc8 11. c5 d5 12. Re1 Ne4 13. Nxe4 dxe4 14. Nd2 f5
15. Nc4 Qf6 16. e3 Rcd8 17. Nd6 Bc8 18. Qb3 Kh8 19. f3 e5 20. d5 Ne7 21. fxe4
Rxd6 22. cxd6 Qxd6 23. exf5 Nxf5 24. Rf1 Bd7 25. Be4 g6 26. Qc2 Nxe3 27. Rxf8+
Qxf8 28. Qc5 Qh6 29. Qe7 Ng4 30. Qd8+ 1-0

[Event "FRA-chT2 0910"]
[Site "France"]
[Date "2009.10.17"]
[Round "2.7"]
[White "Borron, Herve"]
[Black "Serreau, David"]
[Result "0-1"]
[WhiteElo "1810"]
[BlackElo "2175"]
[PlyCount "70"]
[EventDate "2009.09.27"]
[EventType "team"]
[EventRounds "11"]
[EventCountry "FRA"]
[Source "ChessBase"]
[SourceDate "2010.03.11"]

1. e4 c5 2. Nf3 d6 3. d4 cxd4 4. Nxd4 Nf6 5. Nc3 a6 6. Be3 e5 7. Nb3 Be6 8. Be2
Be7 9. O-O O-O 10. f4 Qc7 11. f5 Bc4 12. Bxc4 Qxc4 13. Nd5 Nxd5 14. exd5 Nd7
15. Qf3 Nf6 16. Qg3 Nxd5 17. Bh6 Bf6 18. Bxg7 Bxg7 19. f6 Nxf6 20. Rxf6 Kh8 21.
Rf5 Qxc2 22. Rh5 Qg6 23. Qh3 f5 24. Nd2 e4 25. Rf1 f4 26. Rh4 Bd4+ 27. Kh1 e3
28. Nf3 e2 29. Rc1 Be3 30. Rg4 Qd3 31. Qh6 Rf7 32. h3 Bxc1 33. Ng5 e1=Q+ 34.
Kh2 Qdg3+ 35. Rxg3 fxg3# 0-1

[Event "FRA-chT2 0910"]
[Site "France"]
[Date "2009.10.17"]
[Round "2.7"]
[White "Brient, Yoann"]
[Black "Hubert, Raphael"]
[Result "1-0"]
[WhiteElo "1905"]
[BlackElo "2006"]
[PlyCount "107"]
[EventDate "2009.09.27"]
[EventType "team"]
[EventRounds "11"]
[EventCountry "FRA"]
[Source "ChessBase"]
[SourceDate "2010.03.11"]

1. d4 d5 2. c4 c6 3. Nc3 Nf6 4. e3 e6 5. Nf3 Bd6 6. Bd3 Nbd7 7. O-O O-O 8. b3
Re8 9. cxd5 exd5 10. Qc2 Qe7 11. Nd2 h6 12. e4 dxe4 13. Ncxe4 Bc7 14. Re1 Kh8
15. Bb2 Nd5 16. Nf3 Qf8 17. a3 Bf4 18. g3 Bc7 19. Qd2 f5 20. Nh4 Qf7 21. Nc3
Rxe1+ 22. Rxe1 N7b6 23. a4 a5 24. Ba3 Be6 25. Qc2 Nxc3 26. Qxc3 Bd8 27. Nf3 Bf6
28. Qc2 Bxb3 29. Qb1 Nxa4 30. Ne5 Bxe5 31. Rxe5 Ba2 32. Qe1 Bd5 33. Bxf5 b5 34.
g4 b4 35. Re7 Qg8 36. Bc1 Bf7 37. Qe5 Re8 38. Bc2 Rxe7 39. Qxe7 Nc3 40. Qe5 Qe8
41. Qf5 Qe1+ 42. Kg2 Bd5+ 43. f3 Qe2+ 44. Kg3 Qe1+ 45. Kg2 Qe2+ 46. Kg3 Bg8 47.
Bxh6 Qe6 48. Bxg7+ Kxg7 49. Qg5+ Kf7 50. Qxa5 Ne2+ 51. Kg2 Nc3 52. Qc7+ Kf8 53.
Qb8+ Ke7 54. Qxb4+ 1-0

[Event "FRA-chT2 0910"]
[Site "France"]
[Date "2009.10.17"]
[Round "2.7"]
[White "Chaumont, Philippe"]
[Black "Delabre, Tony"]
[Result "0-1"]
[WhiteElo "2066"]
[BlackElo "2065"]
[PlyCount "106"]
[EventDate "2009.09.27"]
[EventType "team"]
[EventRounds "11"]
[EventCountry "FRA"]
[Source "ChessBase"]
[SourceDate "2010.03.11"]

1. d4 f5 2. e4 fxe4 3. Nc3 Nf6 4. Bg5 Nc6 5. d5 Ne5 6. Qe2 Nf7 7. Bxf6 exf6 8.
O-O-O Be7 9. Qxe4 O-O 10. Bd3 Ng5 11. Qc4 Nf7 12. d6 Bxd6 13. f4 c6 14. Qe4 g6
15. h4 Qe7 16. Qf3 Re8 17. Bc4 Bc7 18. h5 Qe3+ 19. Qxe3 Rxe3 20. Nge2 d5 21.
Bd3 g5 22. g3 Bg4 23. Rdf1 Kg7 24. fxg5 Nxg5 25. h6+ Kf7 26. Nf4 Rae8 27. Ncxd5
cxd5 28. Nxd5 Be5 29. Nxe3 Bxb2+ 30. Kxb2 Rxe3 31. Bc4+ Kg6 32. Re1 Rxg3 33.
Re7 Nh3 34. Rg7+ Kxh6 35. Rxg4 Rxg4 36. Rxh3+ Kg5 37. Bd5 h5 38. Bxb7 h4 39.
Rh1 Rb4+ 40. Kc3 Rxb7 41. Kd4 f5 42. c4 f4 43. Ke5 Re7+ 44. Kd6 Re2 45. Rg1+
Kf5 46. Rc1 f3 47. c5 f2 48. c6 Re1 49. Rc5+ Kf6 50. c7 Re6+ 51. Kd5 Re5+ 52.
Kd6 Rxc5 53. Kxc5 f1=Q 0-1

[Event "FRA-chT2 0910"]
[Site "France"]
[Date "2009.10.17"]
[Round "2.7"]
[White "Cwiek, Perrine"]
[Black "Fortuit, Nicolas"]
[Result "0-1"]
[WhiteElo "1824"]
[BlackElo "2116"]
[PlyCount "118"]
[EventDate "2009.09.27"]
[EventType "team"]
[EventRounds "11"]
[EventCountry "FRA"]
[Source "ChessBase"]
[SourceDate "2010.03.11"]

1. e4 c5 2. Nf3 Nc6 3. Bb5 g6 4. O-O Bg7 5. c3 e5 6. d3 Nge7 7. Be3 d6 8. d4
exd4 9. cxd4 O-O 10. Nc3 b6 11. h3 Na5 12. Qc2 a6 13. Be2 f5 14. Rad1 c4 15.
Bg5 h6 16. Bxe7 Qxe7 17. Nd5 Qxe4 18. Qxe4 fxe4 19. Nd2 b5 20. Nxe4 Bb7 21.
Nec3 Nc6 22. Nc7 Nxd4 23. Nxa8 Bxa8 24. Rfe1 d5 25. Bg4 b4 26. Ne2 Nc2 27. Rf1
Bxb2 28. Be6+ Kg7 29. Bxd5 Bxd5 30. Rxd5 c3 31. Nc1 Rf5 32. Rxf5 gxf5 33. Rd1
a5 34. Nd3 Na3 35. Ne1 a4 36. Rd7+ Kf6 37. Rb7 c2 38. Nd3 Bc3 39. Kf1 Nc4 40.
Rc7 b3 41. axb3 axb3 42. Rc6+ Ke7 43. Rxc4 b2 44. Rxc3 b1=Q+ 45. Ke2 Qd1+ 46.
Ke3 f4+ 47. Kd4 Qd2 48. Kc4 Kf6 49. Kb3 Qxd3 50. Rxd3 c1=Q 51. Rf3 Ke5 52. Rd3
Qf1 53. Rc3 Qxf2 54. Rc2 Qg3+ 55. Kb2 Kd4 56. Rd2+ Kc4 57. Rc2+ Kb4 58. Kc1
Qe1+ 59. Kb2 Qd1 0-1

[Event "FRA-chT2 0910"]
[Site "France"]
[Date "2009.10.17"]
[Round "2.7"]
[White "Deschler, Fabrice"]
[Black "Joly, Laurent"]
[Result "1/2-1/2"]
[WhiteElo "2135"]
[BlackElo "2043"]
[PlyCount "88"]
[EventDate "2009.09.27"]
[EventType "team"]
[EventRounds "11"]
[EventCountry "FRA"]
[Source "ChessBase"]
[SourceDate "2010.03.11"]

1. Nf3 Nf6 2. g3 g6 3. Bg2 Bg7 4. O-O O-O 5. d4 d5 6. c4 dxc4 7. Nc3 Nfd7 8. e4
Nb6 9. Be3 Bg4 10. h3 Bxf3 11. Bxf3 Nc6 12. d5 Ne5 13. Be2 c6 14. a4 cxd5 15.
exd5 a5 16. Rb1 Rc8 17. f4 Nd3 18. Bxd3 cxd3 19. Qxd3 Nc4 20. Bd4 Bxd4+ 21.
Qxd4 Qb6 22. Rfd1 Qb3 23. Qf2 Rfd8 24. Re1 Rc7 25. Re2 Kf8 26. Qd4 Qb6 27. Qxb6
Nxb6 28. Rbe1 Rc4 29. Re4 Rxe4 30. Rxe4 Nxd5 31. Nxd5 Rxd5 32. b4 b6 33. Kf2
Ke8 34. Rc4 Kd7 35. Ke2 h5 36. g4 hxg4 37. hxg4 Kd6 38. Ke3 e6 39. bxa5 Rxa5
40. Rc8 Rc5 41. Ra8 e5 42. Ra6 Ke7 43. f5 gxf5 44. gxf5 f6 1/2-1/2

[Event "FRA-chT2 0910"]
[Site "France"]
[Date "2009.10.17"]
[Round "2.7"]
[White "Etienne, Eric"]
[Black "Borni, Jean Bernard"]
[Result "1-0"]
[WhiteElo "2076"]
[BlackElo "2044"]
[PlyCount "94"]
[EventDate "2009.09.27"]
[EventType "team"]
[EventRounds "11"]
[EventCountry "FRA"]
[Source "ChessBase"]
[SourceDate "2010.03.11"]

1. d4 Nf6 2. Nf3 g6 3. Nc3 d5 4. Bf4 Bg7 5. Qd2 O-O 6. Bh6 c5 7. Bxg7 Kxg7 8.
dxc5 Na6 9. Rd1 Be6 10. Qd4 Qa5 11. e3 Nb4 12. Bd3 Bg4 13. a3 Nc6 14. Qa4 Qxc5
15. Be2 Rfd8 16. O-O a6 17. Nd4 Bxe2 18. Ndxe2 b5 19. Qh4 e5 20. Ng3 Qe7 21.
Qg5 Qe6 22. e4 dxe4 23. Ncxe4 Nxe4 24. Nxe4 f6 25. Qe3 Qe7 26. c3 f5 27. Qb6
Nd4 28. cxd4 fxe4 29. dxe5 Rab8 30. Qxa6 Qxe5 31. Rxd8 Rxd8 32. Qb7+ Kh6 33.
Re1 Re8 34. b4 Qc3 35. Rf1 Qd3 36. Qc6 Rd8 37. h3 Rd4 38. Re1 Kg7 39. Qc7+ Kh6
40. Qe7 Qc2 41. Qf8+ Kg5 42. g3 Qd2 43. Re3 Qc1+ 44. Kg2 Qc7 45. h4+ Kg4 46.
f3+ Kh5 47. g4+ Kxh4 1-0

[Event "FRA-chT2 0910"]
[Site "France"]
[Date "2009.10.17"]
[Round "2.7"]
[White "Guedouar, Houssem"]
[Black "Bensaid, Alexandre"]
[Result "0-1"]
[WhiteElo "1999"]
[BlackElo "1909"]
[PlyCount "78"]
[EventDate "2009.09.27"]
[EventType "team"]
[EventRounds "11"]
[EventCountry "FRA"]
[Source "ChessBase"]
[SourceDate "2010.03.11"]

1. c4 b6 2. g3 Bb7 3. Nf3 Bxf3 4. exf3 c5 5. Bg2 Nc6 6. Nc3 g6 7. O-O Bg7 8. d3
Nh6 9. Re1 O-O 10. Rb1 Nf5 11. a3 Rc8 12. f4 e6 13. Qd2 Ncd4 14. b4 d6 15. Bb2
Qc7 16. Ne2 Rfd8 17. Nxd4 Nxd4 18. Ba1 d5 19. bxc5 dxc4 20. cxb6 axb6 21. Rec1
Qd6 22. Bxd4 Qxd4 23. Bf1 c3 24. Qc2 Qc5 25. Rb3 Ra8 26. Rcb1 Bd4 27. Rxb6 Rxa3
28. R6b5 Qa7 29. Rb7 Ra2 30. Qb3 Qa8 31. Bg2 Rxf2 32. Kh1 Rc8 33. Bd5 c2 34.
Rc1 exd5 35. Qxd5 Rf8 36. Qe4 Be3 37. Re1 c1=Q 38. Rxc1 Bxc1 39. Kg1 Rb2 0-1

[Event "FRA-chT2 0910"]
[Site "France"]
[Date "2009.10.17"]
[Round "2.7"]
[White "Labadie, Jean Jacques"]
[Black "Meunier, Clement"]
[Result "1/2-1/2"]
[WhiteElo "2043"]
[BlackElo "1864"]
[PlyCount "142"]
[EventDate "2009.09.27"]
[EventType "team"]
[EventRounds "11"]
[EventCountry "FRA"]
[Source "ChessBase"]
[SourceDate "2010.03.11"]

1. d4 Nf6 2. c4 e6 3. Nc3 c5 4. d5 exd5 5. cxd5 d6 6. e4 g6 7. Bd3 Bg7 8. Nge2
Nbd7 9. Ng3 a6 10. a4 Ne5 11. Bc2 O-O 12. O-O Rb8 13. f4 Bg4 14. Qe1 Nc4 15. h3
Bd7 16. Bd3 Na5 17. Bc2 Re8 18. Qf2 Nc4 19. e5 dxe5 20. fxe5 Nxe5 21. Bg5 Nfg4
22. Bxd8 Nxf2 23. Bc7 Rbc8 24. Bxe5 Bxe5 25. Rxf2 Bd4 26. Nce4 Bxf2+ 27. Kxf2
Red8 28. Nf6+ Kg7 29. Nxd7 Rxd7 30. Rd1 f5 31. Ne2 b5 32. Nf4 Kf6 33. h4 h6 34.
Re1 Rd6 35. g4 bxa4 36. gxf5 gxf5 37. Bxa4 Rb8 38. Kf3 Rxb2 39. Nh5+ Kf7 40.
Be8+ Kf8 41. Bc6 Rb3+ 42. Kf4 Rb4+ 43. Ke5 Rd8 44. Nf4 Kf7 45. Kxf5 c4 46. Ne6
Rg8 47. d6 Rb6 48. d7 Rxc6 49. d8=Q Rc5+ 50. Nxc5 Rxd8 51. Ne4 Rd5+ 52. Kf4 Rd3
53. h5 Rd5 54. Ra1 Rxh5 55. Rxa6 Rh4+ 56. Ke5 Rh5+ 57. Kd4 Rh4 58. Rc6 c3 59.
Rxc3 Kg6 60. Ke5 Rh5+ 61. Ke6 Ra5 62. Rg3+ Kh5 63. Nf6+ Kh4 64. Rg6 h5 65. Rg1
Ra3 66. Ke5 Rg3 67. Rh1+ Rh3 68. Rf1 Kg3 69. Ne4+ Kg2 70. Rf2+ Kg1 71. Rf5 Kg2
1/2-1/2

[Event "FRA-chT2 0910"]
[Site "France"]
[Date "2009.10.17"]
[Round "2.7"]
[White "Marchadour, Claire"]
[Black "Caron, Sebastien"]
[Result "1-0"]
[WhiteElo "2073"]
[BlackElo "1914"]
[PlyCount "87"]
[EventDate "2009.09.27"]
[EventType "team"]
[EventRounds "11"]
[EventCountry "FRA"]
[Source "ChessBase"]
[SourceDate "2010.03.11"]

1. e4 c5 2. Nf3 d6 3. d4 cxd4 4. Nxd4 Nf6 5. Nc3 g6 6. Be2 Bg7 7. Be3 O-O 8.
O-O Nc6 9. Nb3 Bd7 10. Re1 Qc8 11. f3 Ne5 12. Bg5 Re8 13. Qd2 Nc4 14. Bxc4 Qxc4
15. e5 Nh5 16. g4 Bxg4 17. Re4 Qxe4 18. fxe4 Bxe5 19. Nd5 f6 20. Bh6 Rac8 21.
c3 Be6 22. Nf4 Nxf4 23. Bxf4 Bxf4 24. Qxf4 b6 25. Rd1 Bxb3 26. axb3 Rc5 27. Rd5
Rec8 28. Rxc5 Rxc5 29. h4 Kf7 30. b4 Re5 31. c4 g5 32. hxg5 Rxg5+ 33. Kf2 a5
34. b5 Rc5 35. b3 a4 36. bxa4 Rxc4 37. Qe3 Rc5 38. Qb3+ Kg6 39. a5 f5 40. Qe6+
Kg5 41. Qxf5+ Rxf5+ 42. exf5 bxa5 43. b6 Kxf5 44. b7 1-0